000 00804nam a2200205Ia 4500
003 OSt
005 20230405145222.0
008 210210b2019 xxu||||| |||| 00| 0 eng d
040 _cAL
041 _aHindi
082 _a780.1 DESK
100 _aDESHPANDE (Ajay)
_983444
245 _aKala sangam: Khand 1
_bHindustani shastriy sangith aur hindi cinema ka sunhara tana bana kalakhand 1920-60
_cकला संगम: खंड १ : हिंदुस्तानी शास्त्रीय संगीत और हिंदी सिनेमा का सुनहरा ताना बाना कालखंड १९२०-६०
260 _aNagpur
_bSaee Deshpande
_c2019
300 _a388
440 _a1
_983445
690 _aMusic
_983463
906 _a074516
942 _2ddc
_cBK
999 _c128300
_d128300